Kraje, w których najwięcej osób używa smartphone'a - Statystyki

Ogólne statystyki
  • Ten quiz został rozwiązany 181 razy
  • Średni wynik to 8 z 10
Statystyki odpowiedzi
Miejsce Liczba Użytkowników Kraj % Poprawnych
#01 851,153,000 Chiny
97%
#03 260,237,000 Stany Zjednoczone
96%
#08 65,864,000 Niemcy
94%
#05 95,365,000 Rosja
94%
#07 72,579,000 Japonia
86%
#02 345,916,000 Indie
85%
#04 96,856,000 Brazylia
83%
#10 55,504,000 Wielka Brytania
78%
#09 65,550,000 Meksyk
71%
#06 83,907,000 Indonezja
66%
Nie znaleziono quizów pasujących do podanych kryteriów
Rozkład punktacji
Procent ludzi z każdym wynikiem
Percentyl według liczby udzielonych odpowiedzi
Twoja historia wyników
Nie rozwiązałeś tego quizu